| 000 | 00770nam a22001577a 4500 | ||
|---|---|---|---|
| 008 | 130213t xxu||||| |||| 00| 0 eng d | ||
| 082 |
_2348.6761 _aUGA |
||
| 245 |
_aLaws of the Republic of Uganda Enacted in 2003 / _cUganda Law Reform Commission |
||
| 260 | _aUganda | ||
| 300 |
_av, 565 P. ; _c26 cm. |
||
| 650 |
_aLaws of the Republic of Uganda _96903 |
||
| 650 |
_aLaws of the Republic of Uganda Enacted in; 2004, 2003, 2002 and 2001. _96905 |
||
| 942 |
_2ddc _cBK |
||
| 999 |
_c5256 _d5256 |
||